[Event "Cape Town Gambit"]
[Site "Cape Town"]
[Date "2025.04.20"]
[Round "5"]
[White "Mhango, Banele"]
[Black "Bhawoodien, Mohamed Ozayr"]
[Result "1-0"]
[WhiteElo "2255"]
[BlackElo "2205"]
[PlyCount "63"]
[EventDate "2025.04.18"]
[EventType "tourn"]
[EventRounds "7"]
[EventCountry "RSA"]
[SourceTitle "CB18_2025"]
[SourceDate "2025.04.30"]
[SourceVersion "1"]
[SourceVersionDate "2025.04.30"]
[SourceQuality "1"]

1. Nf3 Nf6 2. g3 c5 3. Bg2 Nc6 4. 0-0 e5 5. e4 g6 6. d3 Bg7 7. c3 0-0 8. a3 d5 9. Nbd2 h6 10. Re1 Re8 11. b4 cxb4 12. cxb4 d4 13. Nb3 a5 14. b5 Nb8 15. a4 Be6 16. Nc5 Bc8 17. Nb3 Bf8 18. Nbd2 Bb4 19. Re2 Kg7 20. Nc4 Nfd7 21. Bd2 Bf8 22. Bh3 f6 23. Rc1 b6 24. Nh4 Bb7 25. f4 Nc5 26. fxe5 fxe5 27. Nxg6 Nxd3 28. Nxf8 Nxc1 29. Qxc1 Kxf8 30. Bxh6+ Kg8 31. Nd6 d3 32. Qc4+ 1-0

[Event "Cape Town IM"]
[Site "Cape Town"]
[Date "2023.01.07"]
[Round "8"]
[White "Bhawoodien, Mohamed Ozayr"]
[Black "Cawdery, Daniel"]
[Result "1/2-1/2"]
[WhiteElo "2196"]
[BlackElo "2396"]
[PlyCount "42"]
[EventDate "2023.01.04"]
[EventType "tourn"]
[EventRounds "9"]
[EventCountry "RSA"]
[SourceTitle "CBM 212 Extra"]
[Source "ChessBase"]
[SourceDate "2023.03.31"]
[SourceVersion "1"]
[SourceVersionDate "2023.03.31"]
[SourceQuality "1"]

1. e4 c5 2. Nf3 Nc6 3. d4 cxd4 4. Nxd4 Nf6 5. Nc3 e5 6. Ndb5 d6 7. Nd5 Nxd5 8. exd5 Nb8 9. c4 Be7 10. Bd3 a6 11. Nc3 0-0 12. 0-0 f5 13. f3 Nd7 14. Kh1 Bg5 15. a3 a5 16. Nb5 Bxc1 17. Rxc1 Rf6 18. b4 b6 19. Qc2 g6 20. f4 exf4 21. Rxf4 Ne5 1/2-1/2

[Event "Cape Town IM"]
[Site "Cape Town"]
[Date "2023.01.05"]
[Round "4"]
[White "Kobese, Watu"]
[Black "Bhawoodien, Mohamed Ozayr"]
[Result "1/2-1/2"]
[WhiteElo "2302"]
[BlackElo "2196"]
[PlyCount "47"]
[EventDate "2023.01.04"]
[EventType "tourn"]
[EventRounds "9"]
[EventCountry "RSA"]
[SourceTitle "CBM 212 Extra"]
[Source "ChessBase"]
[SourceDate "2023.03.31"]
[SourceVersion "1"]
[SourceVersionDate "2023.03.31"]
[SourceQuality "1"]

1. e4 c5 2. Nf3 d6 3. d4 cxd4 4. Nxd4 Nf6 5. Nc3 a6 6. Be2 e5 7. Nb3 Be7 8. 0-0 0-0 9. Re1 Qc7 10. Bf1 Be6 11. Nd5 Nxd5 12. exd5 Bf5 13. c4 a5 14. Be3 a4 15. Nd2 b6 16. Nb1 Bxb1 17. Rxb1 f5 18. b4 axb3 19. Qxb3 Nd7 20. Bxb6 Nxb6 21. Qxb6 Rfc8 22. Re2 e4 23. Rc2 Ra5 24. Qxc7 1/2-1/2

[Event "Cape Town IM"]
[Site "Cape Town"]
[Date "2023.01.04"]
[Round "2"]
[White "Fawzy, Adham"]
[Black "Bhawoodien, Mohamed Ozayr"]
[Result "1-0"]
[WhiteElo "2489"]
[BlackElo "2196"]
[PlyCount "59"]
[EventDate "2023.01.04"]
[EventType "tourn"]
[EventRounds "9"]
[EventCountry "RSA"]
[SourceTitle "CBM 212 Extra"]
[Source "ChessBase"]
[SourceDate "2023.03.31"]
[SourceVersion "1"]
[SourceVersionDate "2023.03.31"]
[SourceQuality "1"]

1. e4 e5 2. Nf3 Nc6 3. Bb5 a6 4. Ba4 Nf6 5. 0-0 Be7 6. Re1 b5 7. Bb3 d6 8. c3 0-0 9. h3 Nb8 10. d4 Nbd7 11. c4 Bb7 12. Nc3 c6 13. a3 Qc7 14. Be3 bxc4 15. Bxc4 d5 16. dxe5 Nxe4 17. Nxe4 dxe4 18. e6 fxe6 19. Nd4 Ne5 20. Nxe6 Qc8 21. Nxf8+ Kxf8 22. Ba2 c5 23. Qh5 Bf6 24. Bf4 Qe8 25. Qxh7 Rd8 26. Rad1 Ke7 27. Qf5 Rxd1 28. Rxd1 Nd3 29. Rxd3 exd3 30. Qxc5+ 1-0

[Event "Purtichju op 7th"]
[Site "Porticcio"]
[Date "2022.07.03"]
[Round "3"]
[White "Bhawoodien, Mohamed Ozayr"]
[Black "Droin, Augustin"]
[Result "0-1"]
[WhiteElo "2182"]
[BlackElo "2391"]
[PlyCount "124"]
[EventDate "2022.07.02"]
[EventType "swiss"]
[EventRounds "9"]
[EventCountry "FRA"]
[SourceTitle "EXT 2023"]
[Source "ChessBase"]
[SourceDate "2022.10.05"]
[SourceVersion "1"]
[SourceVersionDate "2022.10.05"]
[SourceQuality "1"]

1. e4 c5 2. Nf3 Nc6 3. d4 cxd4 4. Nxd4 Qb6 5. Nb3 Nf6 6. Nc3 e6 7. a3 a6 8. Bf4 e5 9. Be3 Qd8 10. g4 h6 11. Rg1 d6 12. h4 Be6 13. g5 hxg5 14. hxg5 Nd7 15. Nd5 Ne7 16. Qf3 Rh4 17. 0-0-0 Rc8 18. Rd2 Bxd5 19. exd5 e4 20. Qd1 Ne5 21. Be2 Nf5 22. g6 f6 23. Nd4 Nxd4 24. Rxd4 f5 25. Bg5 Be7 26. Bxh4 Bxh4 27. Rh1 Qg5+ 28. Kb1 Bxf2 29. Rb4 Rc7 30. Rh5 Qf4 31. Qf1 Nxg6 32. Qh3 Nh4 33. Qb3 b5 34. a4 Qd2 35. Rh8+ Ke7 36. Bh5 Qe1+ 37. Ka2 Bc5 38. Rxe4+ Qxe4 39. Re8+ Kf6 40. Rxe4 fxe4 41. Qh3 Nf5 42. Bg4 g6 43. Qh8+ Kg5 44. Bxf5 Kxf5 45. Qe8 bxa4 46. Qe6+ Kf4 47. Qxg6 e3 48. Qf6+ Kg3 49. Qg5+ Kf2 50. Qf4+ Ke1 51. Qh4+ Kd2 52. Qf4 Rg7 53. b4 axb3+ 54. cxb3 Rg2 55. b4 Kc3+ 56. Ka3 Bd4 57. Qxd6 e2 58. Qe6 Rg1 59. Qc8+ Kd2 60. Qc4 Rg3+ 61. Ka4 Bb2 62. Qf4+ Re3 0-1

[Event "Davos Challenge op"]
[Site "Davos"]
[Date "2022.06.06"]
[Round "6"]
[White "Bhawoodien, Mohamed Ozayr"]
[Black "Schwabeneder, Florian"]
[Result "0-1"]
[WhiteElo "2168"]
[BlackElo "2435"]
[PlyCount "66"]
[EventDate "2022.06.03"]
[EventType "swiss"]
[EventRounds "7"]
[EventCountry "SUI"]
[SourceTitle "CBM 208 Extra"]
[Source "ChessBase"]
[SourceDate "2022.07.31"]
[SourceVersion "1"]
[SourceVersionDate "2022.07.31"]
[SourceQuality "1"]

1. d4 Nf6 2. c4 e6 3. Nc3 d5 4. cxd5 exd5 5. Bg5 Be7 6. e3 0-0 7. Bd3 Re8 8. Qc2 h6 9. Bh4 c6 10. Nge2 Nbd7 11. 0-0 a5 12. f3 b5 13. h3 Nb6 14. Bf2 b4 15. Na4 Nxa4 16. Qxa4 Qb6 17. Rac1 c5 18. Qb5 Qd8 19. Qa4 c4 20. Bb1 Bd6 21. Rfe1 Bb7 22. g4 Qd7 23. Qc2 g6 24. Ng3 a4 25. h4 h5 26. g5 Qh3 27. Nf1 Ng4 28. fxg4 Qxg4+ 29. Kh1 Qh3+ 30. Kg1 Re4 31. Qxe4 dxe4 32. Rxc4 Bd5 33. Rcc1 f6 0-1

[Event "Davos Challenge op"]
[Site "Davos"]
[Date "2022.06.06"]
[Round "7"]
[White "Boschetti, Claudio"]
[Black "Bhawoodien, Mohamed Ozayr"]
[Result "0-1"]
[WhiteElo "2007"]
[BlackElo "2168"]
[PlyCount "102"]
[EventDate "2022.06.03"]
[EventType "swiss"]
[EventRounds "7"]
[EventCountry "SUI"]
[SourceTitle "CBM 208 Extra"]
[Source "ChessBase"]
[SourceDate "2022.07.31"]
[SourceVersion "1"]
[SourceVersionDate "2022.07.31"]
[SourceQuality "1"]

1. e4 c5 2. Nf3 d6 3. c3 Nf6 4. Bc4 e6 5. Qe2 Be7 6. d4 cxd4 7. cxd4 d5 8. exd5 Nxd5 9. 0-0 0-0 10. Nc3 Nb6 11. Bb3 Nc6 12. Rd1 Nb4 13. Ne5 N4d5 14. Rd3 f6 15. Ng4 Bd6 16. g3 Qe8 17. Bd2 Bd7 18. a3 Nxc3 19. Rxc3 Nd5 20. Bxd5 exd5 21. Qf3 Qe4 22. Qxe4 dxe4 23. Ne3 Rad8 24. Rb3 b6 25. Bb4 Be6 26. d5 Bh3 27. Bxd6 Rxd6 28. Rc1 f5 29. Rc6 Rfd8 30. Rbc3 Kf8 31. b4 g5 32. Rxd6 Rxd6 33. Rc8+ Ke7 34. Rh8 h6 35. g4 Bxg4 36. Rh7+ Kd8 37. Rxa7 Bh3 38. f3 exf3 39. Kf2 f4 40. Nc4 Rxd5 41. Kxf3 b5 42. Na5 Rd2 43. Nc6+ Ke8 44. Ne5 Bg2+ 45. Kg4 Re2 46. Nd3 Be4 47. Nxf4 gxf4 48. Kxf4 Bc6 49. h4 Re4+ 50. Kg3 Bd7 51. Ra8+ Ke7 0-1

[Event "Davos Challenge op"]
[Site "Davos"]
[Date "2022.06.05"]
[Round "5"]
[White "Popvasilev, Kalojan"]
[Black "Bhawoodien, Mohamed Ozayr"]
[Result "1/2-1/2"]
[WhiteElo "2192"]
[BlackElo "2168"]
[PlyCount "52"]
[EventDate "2022.06.03"]
[EventType "swiss"]
[EventRounds "7"]
[EventCountry "SUI"]
[SourceTitle "CBM 208 Extra"]
[Source "ChessBase"]
[SourceDate "2022.07.31"]
[SourceVersion "1"]
[SourceVersionDate "2022.07.31"]
[SourceQuality "1"]

1. e4 c5 2. Nf3 d6 3. h3 Nf6 4. Bd3 g6 5. c3 Bg7 6. Bc2 e5 7. 0-0 0-0 8. d4 cxd4 9. cxd4 exd4 10. Nxd4 d5 11. exd5 Nxd5 12. Bb3 Nc6 13. Nxc6 bxc6 14. Qc2 Qb6 15. Bd2 Bf5 16. Qc1 Bd4 17. Nc3 Bd3 18. Na4 Qb5 19. Rd1 Rfe8 20. Nc3 Qb6 21. Bxd5 Bxf2+ 22. Kh1 cxd5 23. Nxd5 Qd4 24. Bc3 Qxd5 25. Qd2 Rad8 26. Qxf2 Re2 1/2-1/2

[Event "RSA-ch"]
[Site "Cape Town"]
[Date "2019.12.13"]
[Round "7"]
[White "Barrish, Daniel"]
[Black "Bhawoodien, Mohamed Ozayr"]
[Result "1/2-1/2"]
[WhiteElo "2363"]
[BlackElo "2129"]
[PlyCount "64"]
[EventDate "2019.12.07"]
[EventType "tourn"]
[EventRounds "11"]
[EventCountry "RSA"]
[SourceTitle "CBM 193 Extra"]
[Source "ChessBase"]
[SourceDate "2020.01.31"]
[SourceVersion "1"]
[SourceVersionDate "2020.01.31"]
[SourceQuality "1"]

1. d4 Nf6 2. c4 g6 3. f3 Bg7 4. e4 d6 5. Nc3 0-0 6. Nge2 c5 7. Be3 Nc6 8. d5 Ne5 9. Ng3 h5 10. Be2 h4 11. Nf1 e6 12. Bg5 h3 13. Ne3 hxg2 14. Rg1 Qa5 15. Qd2 exd5 16. Bxf6 Bxf6 17. Nexd5 Bh4+ 18. Kd1 Qd8 19. f4 Nc6 20. f5 Kh7 21. Rxg2 gxf5 22. Qf4 Rg8 23. Rxg8 Kxg8 24. exf5 Qg5 25. Qxg5+ Bxg5 26. Ne4 f6 27. Nxd6 Kg7 28. Nc7 Rb8 29. Nxc8 Rxc8 30. Ne6+ Kh6 31. Bf3 Nd4 32. Nxd4 cxd4 1/2-1/2

[Event "RSA-ch"]
[Site "Cape Town"]
[Date "2019.12.12"]
[Round "6"]
[White "Bhawoodien, Mohamed Ozayr"]
[Black "Khumalo, Keith"]
[Result "1/2-1/2"]
[WhiteElo "2129"]
[BlackElo "2148"]
[PlyCount "99"]
[EventDate "2019.12.07"]
[EventType "tourn"]
[EventRounds "11"]
[EventCountry "RSA"]
[SourceTitle "CBM 193 Extra"]
[Source "ChessBase"]
[SourceDate "2020.01.31"]
[SourceVersion "1"]
[SourceVersionDate "2020.01.31"]
[SourceQuality "1"]

1. e4 e6 2. d4 d5 3. Nd2 c5 4. exd5 Qxd5 5. Ngf3 cxd4 6. Bc4 Qd8 7. 0-0 Nc6 8. Nb3 a6 9. Nbxd4 Nxd4 10. Qxd4 Qxd4 11. Nxd4 Nf6 12. Bf4 Be7 13. Be2 Nd5 14. Bg3 Bf6 15. Rad1 0-0 16. c4 Nb6 17. b3 e5 18. Nc2 Bf5 19. Ne3 Be4 20. Ng4 Rfe8 21. Nxf6+ gxf6 22. Rd6 Re6 23. Rfd1 Rae8 24. c5 Nc8 25. Rxe6 fxe6 26. Bh5 Rf8 27. f4 exf4 28. Bxf4 Bd5 29. Bh6 Rd8 30. Rf1 f5 31. Rd1 Rd7 32. Bf4 Ne7 33. Kf2 Bc6 34. Bd6 Nd5 35. Rd3 Rg7 36. g3 Nf6 37. Bf3 Ne4+ 38. Ke3 Rd7 39. Bxe4 fxe4 40. Rd2 Rf7 41. Bf4 Kg7 42. g4 Kg6 43. Rd8 h5 44. gxh5+ Kxh5 45. Rg8 Rd7 46. Bd6 Rf7 47. Bf4 Rf5 48. Rh8+ Kg6 49. Rg8+ Kh7 50. Rg5 1/2-1/2

[Event "RSA-ch"]
[Site "Cape Town"]
[Date "2019.12.09"]
[Round "3"]
[White "Bhawoodien, Mohamed Ozayr"]
[Black "James, Michael"]
[Result "1/2-1/2"]
[WhiteElo "2129"]
[BlackElo "1929"]
[PlyCount "71"]
[EventDate "2019.12.07"]
[EventType "tourn"]
[EventRounds "11"]
[EventCountry "RSA"]
[SourceTitle "CBM 193 Extra"]
[Source "ChessBase"]
[SourceDate "2020.01.31"]
[SourceVersion "1"]
[SourceVersionDate "2020.01.31"]
[SourceQuality "1"]

1. d4 Nf6 2. c4 e6 3. Nc3 Bb4 4. e3 0-0 5. Nge2 d5 6. a3 Be7 7. cxd5 Nxd5 8. Bd2 c5 9. Nxd5 Qxd5 10. Nc3 Qd7 11. dxc5 Rd8 12. b4 a5 13. Na4 Qc7 14. Nb6 Ra7 15. Qc1 Rxd2 16. Kxd2 Bf6 17. Rb1 axb4 18. axb4 Nd7 19. Nxc8 Qxc8 20. Bb5 Ra2+ 21. Ke1 Ne5 22. Bc4 Qd7 23. Bxa2 Nd3+ 24. Ke2 Nxc1+ 25. Rbxc1 h5 26. b5 Be5 27. f4 Bc7 28. c6 bxc6 29. Rxc6 g5 30. Rd1 Qe7 31. b6 Bxb6 32. Rxb6 gxf4 33. exf4 Qh4 34. Rb8+ Kg7 35. Rd2 Qxh2 36. Kf3 1/2-1/2

[Event "London Classic op 10th"]
[Site "London"]
[Date "2018.12.10"]
[Round "2"]
[White "Bhawoodien, Mohamed Ozayr"]
[Black "Derakhshani, Borna"]
[Result "0-1"]
[WhiteElo "2123"]
[BlackElo "2325"]
[PlyCount "42"]
[EventDate "2018.12.09"]
[EventType "swiss"]
[EventRounds "9"]
[EventCountry "ENG"]
[SourceTitle "CBM 187 Extra"]
[Source "ChessBase"]
[SourceDate "2018.11.04"]
[SourceVersion "1"]
[SourceVersionDate "2018.11.04"]
[SourceQuality "1"]

1. d4 Nf6 2. c4 g6 3. Nc3 d5 4. Nf3 Bg7 5. h4 0-0 6. cxd5 Nxd5 7. h5 Nxc3 8. bxc3 Re8 9. hxg6 hxg6 10. Bh6 Bh8 11. Qc1 c5 12. Bf8 Bf6 13. Qh6 Nd7 14. Qh7+ Kxf8 15. Ng5 Bg7 16. Ne6+ fxe6 17. Qxg6 Nf6 18. e4 cxd4 19. e5 Qa5 20. exf6 Qxc3+ 21. Ke2 d3+ 0-1

[Event "Matola zt 4.3"]
[Site "Matola"]
[Date "2018.04.10"]
[Round "4.3"]
[White "Bhawoodien, Mohamed Ozayr"]
[Black "Klaasen, Calvin Jong"]
[Result "0-1"]
[WhiteElo "2134"]
[BlackElo "2272"]
[PlyCount "78"]
[EventDate "2018.04.08"]
[EventType "swiss"]
[EventRounds "9"]
[EventCountry "MOZ"]
[SourceTitle "EXT 2024"]
[Source "ChessBase"]
[SourceDate "2023.10.10"]
[SourceVersion "1"]
[SourceVersionDate "2023.10.10"]
[SourceQuality "1"]

1. e4 c5 2. Nf3 Nc6 3. g3 g6 4. Bg2 Bg7 5. 0-0 d6 6. c3 e5 7. d3 Nge7 8. Be3 0-0 9. Nh4 Be6 10. f4 exf4 11. gxf4 f5 12. Nd2 Qd7 13. Ndf3 h6 14. Qe1 c4 15. exf5 Nxf5 16. Nxf5 Bxf5 17. dxc4 Bd3 18. Rf2 Bxc4 19. Qd2 Ne7 20. Ne5 Qe6 21. Nxc4 Qxc4 22. Qxd6 Qf7 23. Bc5 Rfe8 24. Re2 Nf5 25. Rxe8+ Qxe8 26. Qd5+ Kh7 27. Qxb7 Rb8 28. Qe4 Qxe4 29. Bxe4 Rxb2 30. Bb4 Rxb4 31. cxb4 Bxa1 32. a4 Bc3 33. b5 Bd2 34. Kg2 Bxf4 35. h3 Bc7 36. Kf3 Kg7 37. Bd3 Nd6 38. Kg4 Kf6 39. Kh4 h5 0-1

[Event "RSA-ch"]
[Site "Cape Town"]
[Date "2017.12.16"]
[Round "8"]
[White "Bhawoodien, Mohamed Ozayr"]
[Black "Kobese, Watu"]
[Result "1/2-1/2"]
[WhiteElo "2114"]
[BlackElo "2345"]
[PlyCount "123"]
[EventDate "2017.12.09"]
[EventType "tourn"]
[EventRounds "11"]
[EventCountry "RSA"]
[SourceTitle "CBM 182 Extra"]
[Source "ChessBase"]
[SourceDate "2018.02.23"]
[SourceVersion "1"]
[SourceVersionDate "2018.02.23"]
[SourceQuality "1"]

1. d4 Nf6 2. c4 g6 3. Nc3 Bg7 4. e4 0-0 5. Nf3 c6 6. Be2 d5 7. e5 Ne4 8. cxd5 cxd5 9. Qb3 Nxc3 10. Qxc3 Nc6 11. Be3 Bf5 12. Qd2 Rc8 13. 0-0 Na5 14. Rfc1 Nc4 15. Bxc4 dxc4 16. Qb4 Qb6 17. Qxb6 axb6 18. a4 f6 19. h3 Be6 20. exf6 exf6 21. Nd2 f5 22. f4 Bd5 23. Nb1 Rfe8 24. Bf2 Be4 25. Nc3 Rcd8 26. Rd1 Bd3 27. d5 Bxc3 28. bxc3 Rxd5 29. Re1 Be4 30. Bd4 b5 31. Rab1 Ra8 32. Rxb5 Rxb5 33. axb5 Ra2 34. Bf2 Rc2 35. Re3 Rb2 36. b6 Rc2 37. Rg3 Rc1+ 38. Kh2 Rf1 39. Be3 Kf7 40. h4 h5 41. Rg5 Re1 42. Bd4 Rd1 43. Rg3 Re1 44. Be5 Bc6 45. Bd4 Re2 46. Be5 Ba4 47. Bd4 Re4 48. Rf3 Bd1 49. Rf1 Ba4 50. Rf3 Bc6 51. Be3 Ke6 52. Rg3 Kd5 53. Kg1 Ba4 54. Kf2 Be8 55. Rh3 Ba4 56. Rg3 Re6 57. Bd4 Re4 58. Be3 Be8 59. Rh3 Re6 60. Rh1 Ba4 61. Ra1 Bc2 62. Ra8 1/2-1/2

[Event "RSA-ch"]
[Site "Cape Town"]
[Date "2017.12.14"]
[Round "6"]
[White "Bhawoodien, Mohamed Ozayr"]
[Black "Ovcina, Dennis"]
[Result "1-0"]
[WhiteElo "2114"]
[BlackElo "2164"]
[PlyCount "141"]
[EventDate "2017.12.09"]
[EventType "tourn"]
[EventRounds "11"]
[EventCountry "RSA"]
[SourceTitle "CBM 182 Extra"]
[Source "ChessBase"]
[SourceDate "2018.02.23"]
[SourceVersion "1"]
[SourceVersionDate "2018.02.23"]
[SourceQuality "1"]

1. d4 d6 2. Nf3 Nf6 3. c4 g6 4. Nc3 Bg7 5. e4 0-0 6. h3 Na6 7. Bg5 Qe8 8. g4 c5 9. Qd2 Bd7 10. Be2 cxd4 11. Nxd4 Nc5 12. f3 a6 13. Bh6 Rc8 14. h4 Bxh6 15. Qxh6 Kh8 16. h5 Ng8 17. Qd2 b5 18. cxb5 e5 19. Nb3 Bxb5 20. Bxb5 axb5 21. Qxd6 Na4 22. Qd2 Nxc3 23. bxc3 Qc6 24. Rc1 Rfd8 25. Qg5 Qe6 26. hxg6 fxg6 27. Rc2 Rd7 28. Qe3 Qc4 29. Qg5 Qe6 30. Qe3 Rdc7 31. 0-0 Nf6 32. Kh1 Kg7 33. Rd1 b4 34. Rd3 h5 35. g5 Nh7 36. f4 Rc4 37. Nd2 exf4 38. Qf3 bxc3 39. Nxc4 Rxc4 40. Qxf4 Rxe4 41. Qc7+ Kg8 42. Qd8+ Nf8 43. Qd5 Rh4+ 44. Kg2 Rg4+ 45. Kf3 Qxd5+ 46. Rxd5 Ne6 47. Rxc3 Nxg5+ 48. Ke2 Kg7 49. a4 h4 50. Rcc5 h3 51. Rd7+ Kh6 52. Rc8 Rg2+ 53. Kf1 Kh5 54. Rh8+ Kg4 55. Rd4+ Kg3 56. Rd3+ Kg4 57. Rdxh3 Ra2 58. R8h4+ Kf5 59. Rb3 Ra1+ 60. Ke2 Ne6 61. Rb5+ Kf6 62. Rc4 g5 63. Kd2 Nf4 64. Rc6+ Ke7 65. Rb7+ Kd8 66. Rh6 Kc8 67. Rg7 Ra2+ 68. Kd1 Ra1+ 69. Kc2 Ra2+ 70. Kb3 Rd2 71. Rh8+ 1-0

[Event "RSA-ch"]
[Site "Cape Town"]
[Date "2017.12.12"]
[Round "4"]
[White "Bhawoodien, Mohamed Ozayr"]
[Black "Klaasen, Calvin Jong"]
[Result "0-1"]
[WhiteElo "2114"]
[BlackElo "2311"]
[PlyCount "54"]
[EventDate "2017.12.09"]
[EventType "tourn"]
[EventRounds "11"]
[EventCountry "RSA"]
[SourceTitle "CBM 182 Extra"]
[Source "ChessBase"]
[SourceDate "2018.02.23"]
[SourceVersion "1"]
[SourceVersionDate "2018.02.23"]
[SourceQuality "1"]

1. d4 Nf6 2. c4 e6 3. Nc3 Bb4 4. e3 0-0 5. Nge2 c6 6. a3 Ba5 7. Ng3 d5 8. Qc2 Nbd7 9. Bd3 e5 10. cxd5 cxd5 11. 0-0 a6 12. dxe5 Nxe5 13. Rd1 Be6 14. b4 Bc7 15. f3 Qb8 16. Nce2 Rc8 17. Qd2 Nxd3 18. Qxd3 Be5 19. Rb1 d4 20. exd4 Bc4 21. Qf5 Bxe2 22. dxe5 Bxd1 23. exf6 Qa7+ 24. Kf1 Rc2 25. Bd2 Rxd2 26. Ne4 Qe3 27. Nxd2 Be2+ 0-1

[Event "South African op"]
[Site "Durban"]
[Date "2017.07.19"]
[Round "8"]
[White "Mpya, Tshediso M"]
[Black "Bhawoodien, Mohamed Ozayr"]
[Result "0-1"]
[WhiteElo "1897"]
[BlackElo "2103"]
[PlyCount "112"]
[EventDate "2017.07.14"]
[EventType "swiss"]
[EventRounds "11"]
[EventCountry "RSA"]
[SourceTitle "CBM 179 Extra"]
[Source "ChessBase"]
[SourceDate "2017.08.23"]
[SourceVersion "1"]
[SourceVersionDate "2017.08.23"]
[SourceQuality "1"]

1. d4 Nf6 2. c4 e5 3. dxe5 Ng4 4. Bf4 Nc6 5. Nf3 Bb4+ 6. Nc3 Bxc3+ 7. bxc3 Qe7 8. Qd5 f6 9. exf6 Nxf6 10. Qd3 d6 11. g3 Ne4 12. Nd4 Nc5 13. Qc2 Ne5 14. Bg2 Ned3+ 15. Kf1 Nxf4 16. gxf4 0-0 17. e3 Bd7 18. h4 Kh8 19. Rb1 c6 20. Bf3 Be8 21. h5 Bf7 22. Qe2 Bg8 23. Rg1 Qf7 24. h6 g6 25. Qc2 Qxc4+ 26. Be2 Qxa2 27. Rb2 Qf7 28. Nf3 Qf5 29. Qd2 Qf6 30. Ng5 a5 31. c4 a4 32. Kg2 a3 33. Ra2 Ra4 34. Rb1 Rfa8 35. Rxb7 Nxb7 36. Ne4 Bd5 37. cxd5 Rxe4 38. dxc6 Nc5 39. c7 Re7 40. Rxa3 Rc8 41. Qa5 Ne6 42. Rc3 Rexc7 43. Rd3 Nc5 44. Rd5 Nd7 45. Qd2 Rc2 46. Qd1 Qb2 47. Rb5 Qc3 48. Bg4 Qc6+ 49. Kg3 Qxb5 50. Qxd6 Qc6 51. Qd4+ Qf6 52. Qxd7 g5 53. Qg7+ Qxg7 54. hxg7+ Kxg7 55. Bxc8 gxf4+ 56. Kxf4 Rxc8 0-1

[Event "South African op"]
[Site "Durban"]
[Date "2017.07.16"]
[Round "4"]
[White "Bhawoodien, Mohamed Ozayr"]
[Black "Hattingh, Krishna"]
[Result "1-0"]
[WhiteElo "2103"]
[BlackElo "1608"]
[PlyCount "61"]
[EventDate "2017.07.14"]
[EventType "swiss"]
[EventRounds "11"]
[EventCountry "RSA"]
[SourceTitle "CBM 179 Extra"]
[Source "ChessBase"]
[SourceDate "2017.08.23"]
[SourceVersion "1"]
[SourceVersionDate "2017.08.23"]
[SourceQuality "1"]

1. d4 d5 2. c4 c6 3. Nf3 Nf6 4. e3 e6 5. b3 Bb4+ 6. Nbd2 Bc3 7. Rb1 Qa5 8. a3 dxc4 9. bxc4 Ne4 10. Qc2 Bxd2+ 11. Nxd2 Nxd2 12. Bxd2 Qc7 13. Bd3 h6 14. 0-0 0-0 15. e4 Rd8 16. Bc3 b6 17. e5 Nd7 18. Bh7+ Kh8 19. Be4 Bb7 20. Qe2 c5 21. d5 Rab8 22. Qh5 Nf8 23. Rbd1 Nh7 24. h4 Ba6 25. d6 Qd7 26. Bd3 Bb7 27. f4 Qe8 28. f5 Bc8 29. f6 gxf6 30. Bxh7 Kxh7 31. Rxf6 1-0

[Event "Lisbon Portugal rapid op"]
[Site "Lisbon"]
[Date "2017.02.11"]
[Round "3"]
[White "Bhawoodien, Mohamed Ozayr"]
[Black "Annaberdiev, Meilis"]
[Result "0-1"]
[WhiteElo "2060"]
[BlackElo "2435"]
[PlyCount "166"]
[EventDate "2017.02.11"]
[EventType "swiss (rapid)"]
[EventRounds "8"]
[EventCountry "POR"]
[SourceTitle "CBM 176 Extra"]
[Source "ChessBase"]
[SourceDate "2017.03.02"]
[SourceVersion "1"]
[SourceVersionDate "2017.03.02"]
[SourceQuality "1"]

1. d4 Nf6 2. c4 e6 3. Nf3 d5 4. e3 a6 5. b3 c5 6. Bb2 cxd4 7. exd4 Ne4 8. Bd3 Bb4+ 9. Nbd2 Nxd2 10. Nxd2 Qg5 11. g3 dxc4 12. bxc4 Nc6 13. f4 Qd8 14. Qa4 0-0 15. 0-0-0 Be7 16. Nf3 b5 17. cxb5 Nb4 18. Be4 Rb8 19. a3 axb5 20. Qb3 Nd5 21. Ne5 Bb7 22. Qd3 f5 23. Bf3 b4 24. a4 Qa5 25. Qb5 Rfc8+ 26. Kb1 Qxb5 27. axb5 Nc3+ 28. Bxc3 Bxf3 29. Nxf3 bxc3 30. Kc2 Rxb5 31. Rb1 Ra5 32. Ra1 Rca8 33. Rxa5 Rxa5 34. Rb1 Bf6 35. Kxc3 Ra2 36. Rb2 Rxb2 37. Kxb2 h6 38. Ne5 g5 39. Kc2 Kg7 40. Kd3 Bd8 41. h3 Ba5 42. Ke3 Be1 43. g4 Bg3 44. fxg5 hxg5 45. gxf5 exf5 46. Nd3 Kf6 47. Kf3 Bd6 48. Nf2 Ke6 49. Nd1 Bc7 50. Ne3 Bb6 51. d5+ Kf6 52. Nc4 Bc5 53. d6 Ke6 54. Kg3 Bxd6+ 55. Kf3 Bc5 56. Nd2 Kd5 57. Nf1 Ke5 58. Nd2 Bb4 59. Nf1 Bc5 60. Nd2 Ba7 61. Nf1 Kd5 62. Ng3 Ke6 63. Nf1 Bb8 64. Nd2 Bf4 65. Nf1 Ke5 66. Kg2 Ke4 67. Kf2 Kd4 68. Kf3 Ke5 69. Kg2 Bc1 70. Ng3 Bf4 71. Nh5 Ke4 72. Ng7 Be5 73. Ne6 Bf6 74. Nc5+ Ke3 75. Nd7 Bd4 76. Nf8 f4 77. Ne6 Bf6 78. Nc5 Ke2 79. Ne4 f3+ 80. Kg3 Be5+ 81. Kg4 Ke3 82. Nxg5 f2 83. Nf3 f1Q 0-1

[Event "Lisbon Portugal op"]
[Site "Lisbon"]
[Date "2017.02.05"]
[Round "4"]
[White "Bhawoodien, Mohamed Ozayr"]
[Black "Rego, Pedro Filipe"]
[Result "1/2-1/2"]
[WhiteElo "2060"]
[BlackElo "2232"]
[PlyCount "161"]
[EventDate "2017.02.04"]
[EventType "swiss"]
[EventRounds "9"]
[EventCountry "POR"]
[SourceTitle "CBM 176 Extra"]
[Source "ChessBase"]
[SourceDate "2017.03.02"]
[SourceVersion "1"]
[SourceVersionDate "2017.03.02"]
[SourceQuality "1"]

1. d4 Nf6 2. c4 e6 3. Nf3 Bb4+ 4. Nbd2 0-0 5. g3 d5 6. cxd5 exd5 7. Bg2 c6 8. 0-0 Bf5 9. Ne5 Qe7 10. Ndf3 h6 11. Bf4 Nbd7 12. a3 Bd6 13. Nxd7 Nxd7 14. Bxd6 Qxd6 15. b4 Rfe8 16. e3 Nb6 17. Ne5 f6 18. Nf3 Nc4 19. Nh4 Bh7 20. Bh3 g6 21. Qc2 f5 22. Rfb1 a6 23. Bf1 b5 24. Bd3 Rf8 25. a4 Rae8 26. axb5 axb5 27. Ra6 Re7 28. Nf3 g5 29. Ne5 Rc7 30. Qc3 f4 31. Bxh7+ Kxh7 32. exf4 gxf4 33. Re1 Qf6 34. Qc2+ Kg8 35. Qg6+ Kh8 36. Qxf6+ Rxf6 37. g4 Kg7 38. Nd3 Nd2 39. Re8 Nf3+ 40. Kg2 Nxd4 41. Raa8 f3+ 42. Kh3 Re6 43. Rg8+ Kf6 44. Rh8 Kg5 45. Kg3 Ne2+ 46. Kxf3 Rf7+ 47. Kg2 Nf4+ 48. Nxf4 Kxf4 49. h3 d4 50. Rhd8 Ke5 51. Ra1 Rd6 52. Re1+ Kd5 53. Rxd6+ Kxd6 54. Kg3 Kd5 55. f4 d3 56. Kf3 Kd4 57. h4 d2 58. Rg1 Re7 59. Rd1 Kd3 60. g5 h5 61. f5 Re3+ 62. Kg2 Re5 63. g6 Re4 64. Kf3 Rg4 65. Rh1 Kc2 66. Ke2 Rxh4 67. Ra1 Re4+ 68. Kf3 Rg4 69. Ke2 Rg5 70. Ra2+ Kb3 71. Rxd2 Rxf5 72. Rd6 Kxb4 73. Rxc6 Rg5 74. Kf3 Rg4 75. Rf6 Kb3 76. Kf2 Rg5 77. Rf3+ Kc2 78. Rg3 Rf5+ 79. Rf3 Rg5 80. Rg3 Rf5+ 81. Rf3 1/2-1/2